000 00529pab a2200169 454500
008 180718b2003 xxu||||| |||| 00| 0 eng d
100 _aWissemann, Arnold
245 _aChanging roles for a state agriculture department: driving forces and organisational responses in the 21st century
260 _c2003
300 _ap.59-69.
650 _aAgriculture - 21st century
650 _aAgriculture
700 _aDuffied, Bea
700 _aRogers, John
773 _aAustralian Journal of Public Administration
909 _a59206
999 _c59206
_d59206